• 首页
  • 本馆介绍
  • 公告通知
  • 最新文献
  • 馆藏检索
  • 电子资源
  • 读者导购
  • 参考咨询
  • 我的图书馆
  • 登录
  • 详细信息显示
  • 放入我的书架
  • 预约/预借图书
  • 作者相关作品
  • 分类相关作品
  • 丛书相关作品
  • 出版社相关作品

书目信息

  • 表格格式
  • 工作单格式
  • 卡片格式
题名:
尚书
    
 
作者: 杨萍 编著
分册:  
出版信息: 长春   吉林人民出版社  2005
页数: 184页
开本: 20cm
丛书名: 中国历史读本
单 册:
中图分类: K221.04
科图分类:
主题词: 史料--中国--商周时代 , 史料
电子资源:
ISBN: 7-206-02470-X
000 00848oam2 2200301 45
001 0120050101790
005 20070706150057.34
010    @a7-206-02470-X@dCNY19.20
092    @aCN@b471294
100    @a20051017d2005 em y0chiy0120 ea
101 0  @achi
102    @aCN@b220000
105    @aac z 000yy
200 1  @a尚书@Ashang shu@f杨萍编著@Fyang ping bian zhu
205    @a2版
210    @a长春@c吉林人民出版社@d2005
215    @a184页@c图,画像@d20cm
225 2  @a中国历史读本
330    @a本书主要内容包括:虞夏书、商书、周书等三大部分,还附有伪古文尚书以及评价。
461  0 @12001 @a中国历史读本
605    @a尚书@j通俗读物
605    @a尚书
606 0  @a史料@y中国@z商周时代
606 0  @a史料
690    @aK221.04@v4
701  0 @a杨萍@Ayang ping@4编著
801  0 @aCN@bLZJBOOK@c20070706
905    @a10447@dK221.04@e22=2
    
    尚书/杨萍编著.-2版.-长春:吉林人民出版社,2005
    184页:图,画像;20cm.-(中国历史读本)
    
    
    ISBN 7-206-02470-X:CNY19.20
    本书主要内容包括:虞夏书、商书、周书等三大部分,还附有伪古文尚书以及评价。
●
相关链接 在E读中查询图书 在五车中查询图书 在当当中查询图书 在豆瓣中查询图书


正题名:尚书     索取号:K221.04/22=2         预约/预借

序号 登录号 条形码 馆藏地/架位号 状态 备注
1 0567462   205674625   第二样本阅览室/ [索取号:K221.04/22=2] 在馆    
2 0567463   205674634   第二借阅区/ [索取号:K221.04/22=2] 在馆    
3 0567464   205674643   第二借阅区/ [索取号:K221.04/22=2] 在馆    
4 0567465   205674652   第二借阅区/ [索取号:K221.04/22=2] 在馆    
5 0567466   205674661   第二借阅区/ [索取号:K221.04/22=2] 在馆    
唐山师范学院图书馆 欢迎您!
大连网信软件有限公司© 版权所有